<?xml version="1.0" encoding="UTF-8"?>
<collection xmlns:xsi="http://www.w3.org/2001/XMLSchema-instance" xsi:schemaLocation="http://www.loc.gov/MARC21/slim http://www.loc.gov/standards/marcxml/schema/MARC21slim.xsd" xmlns="http://www.loc.gov/MARC21/slim">
 <record>
  <leader>00000cam a22000004i 4500</leader>
  <controlfield tag="001">UP-1685523046126335702</controlfield>
  <controlfield tag="003">Buklod</controlfield>
  <controlfield tag="005">20240221132400.0</controlfield>
  <controlfield tag="006">m    |o  d |      </controlfield>
  <controlfield tag="007">cr |||||||||||</controlfield>
  <controlfield tag="008">240221s2014    xx     d     |||| ||    |</controlfield>
  <datafield tag="020" ind1=" " ind2=" ">
   <subfield code="a">9772094515005 (pbk.)</subfield>
  </datafield>
  <datafield tag="035" ind1=" " ind2=" ">
   <subfield code="a">(iLib)UPMNL-00015843826</subfield>
  </datafield>
  <datafield tag="040" ind1=" " ind2=" ">
   <subfield code="a">DAC</subfield>
   <subfield code="d">CASM</subfield>
   <subfield code="e">rda</subfield>
  </datafield>
  <datafield tag="041" ind1="0" ind2=" ">
   <subfield code="a">eng</subfield>
  </datafield>
  <datafield tag="090" ind1=" " ind2=" ">
   <subfield code="a">DS 689 M24</subfield>
   <subfield code="b">M34 2014</subfield>
  </datafield>
  <datafield tag="245" ind1="0" ind2="0">
   <subfield code="a">Manila</subfield>
   <subfield code="b">selected papers of the 23rd annual Manila Studies Conference, August 7- 9, 2014</subfield>
   <subfield code="c">Bernardita Reyes Churchill, issue editor.</subfield>
  </datafield>
  <datafield tag="264" ind1=" " ind2="1">
   <subfield code="a">Diliman, Quezon City</subfield>
   <subfield code="b">Manila Studies Association, Inc.</subfield>
   <subfield code="a">Intramuros, Manila</subfield>
   <subfield code="b">National Commission for Culture and the Arts, Committee on Historical Research</subfield>
   <subfield code="c">c2014.</subfield>
  </datafield>
  <datafield tag="300" ind1=" " ind2=" ">
   <subfield code="a">viii, 234 pages</subfield>
   <subfield code="b">illustrations</subfield>
   <subfield code="c">23 cm.</subfield>
  </datafield>
  <datafield tag="336" ind1=" " ind2=" ">
   <subfield code="a">text</subfield>
   <subfield code="2">rdacontent.</subfield>
  </datafield>
  <datafield tag="337" ind1=" " ind2=" ">
   <subfield code="a">unmediated</subfield>
   <subfield code="2">rdamedia.</subfield>
  </datafield>
  <datafield tag="338" ind1=" " ind2=" ">
   <subfield code="a">volume</subfield>
   <subfield code="2">rdacarrier.</subfield>
  </datafield>
  <datafield tag="500" ind1=" " ind2=" ">
   <subfield code="a">&quot;ISSN 2094-5159&quot;--T.p. verso</subfield>
  </datafield>
  <datafield tag="505" ind1="0" ind2=" ">
   <subfield code="a">A Quqrter-century of Manila studies: the published conference papers of the Manila Studies Assoaciation (MSA)/ Marya Svetlana T. Camacho -- The Mabini Shrine in Pandacan: a hero in search of a home / Lorelei D.C. de Viana -- Update on the Archaeological Rxposition of Archaeological features and retrieval of artifacts and ecofacts / Angel P. Bautista, Alfredo B. Orogo, Amalia de la Torre, and Mea Karla C. Dalumpines -- Sulyap sa Santatlo: the iconography of the Santisima Trinidad as depicted in Philippine colonial period devotional literature / Martin R. Gaerlan -- The Female enterpreneurs of Nineteenth-Century provicia de Manila / Marco Stefan B. Lagman and Jonathan M. Villasper -- The Ateneo and UST museums: groundbreaking educational facilities in Nineteenth-Century Philippines / Glenda Callanta Oris -- Early Philippine cookbooks: savors of cultural concern / Felice Prudente Sta. Maria -- Raising Mingwen: tradition, integration, and lineage in contemporary Lion-Dance Troupe / Jose Alain J. Austria.</subfield>
  </datafield>
  <datafield tag="546" ind1=" " ind2=" ">
   <subfield code="a">In English.</subfield>
  </datafield>
  <datafield tag="591" ind1=" " ind2=" ">
   <subfield code="a">Dr. Josefa M. Saniel Collection.</subfield>
  </datafield>
  <datafield tag="591" ind1=" " ind2=" ">
   <subfield code="a">UCASM-2449 (UCASM002449) donated by NCCA</subfield>
  </datafield>
  <datafield tag="651" ind1=" " ind2="0">
   <subfield code="a">Manila (Philippines)</subfield>
   <subfield code="x">History</subfield>
   <subfield code="v">Congresses.</subfield>
  </datafield>
  <datafield tag="700" ind1="1" ind2=" ">
   <subfield code="a">Churchill, Bernardita Reyes</subfield>
   <subfield code="e">editor.</subfield>
  </datafield>
  <datafield tag="710" ind1="2" ind2=" ">
   <subfield code="a">Manila Studies Association.</subfield>
  </datafield>
  <datafield tag="710" ind1="2" ind2=" ">
   <subfield code="a">National Commission on Culture and the Arts (Philippines).</subfield>
   <subfield code="b">Committee on Historical Research.</subfield>
  </datafield>
  <datafield tag="905" ind1=" " ind2=" ">
   <subfield code="a">FI</subfield>
  </datafield>
  <datafield tag="950" ind1=" " ind2=" ">
   <subfield code="a">Monograph</subfield>
  </datafield>
  <datafield tag="852" ind1="0" ind2=" ">
   <subfield code="a">UPMNL</subfield>
   <subfield code="b">CASM</subfield>
   <subfield code="h">DS 689 M24</subfield>
   <subfield code="i">M34 2014</subfield>
  </datafield>
  <datafield tag="942" ind1=" " ind2=" ">
   <subfield code="a">Book</subfield>
  </datafield>
 </record>
</collection>
